| 000 | 005090000a22002050004500 | ||
|---|---|---|---|
| 003 | LK-CoMWRAF | ||
| 005 | 20231019204947.0 | ||
| 008 | 230817t ||||| |||| 00| 0 eng d | ||
| 020 | _a0375410538 | ||
| 040 |
_aLK-CoMWRAF _dLK-CoMWRAF _eLK-CoMWRAF |
||
| 041 | _aeng | ||
| 082 |
_a823 _bOND |
||
| 100 | _aOndaatje, Michael | ||
| 245 | _aAnil's ghost | ||
| 260 |
_aNew York : _bVintage books, _c2000 |
||
| 300 | _a311p | ||
| 650 | _aEnglish Fiction | ||
| 650 | _aSri Lankan Fiction--English | ||
| 942 | _cBK | ||
| 999 |
_c2238 _d2238 |
||